000 00771nam a2200217Ii 4500
003 JO-AjNU
008 230605s9999||||xx |||||||||||||| ||und||
020 _a978- 614- 8017- 37- 7
040 _aJO-AjNU
_bara
_erda
_cJO-AjNU
041 _aara
050 1 4 _aHF5414.Z83 2016
100 3 _aالزعبي، علي فلاح مفلح,
_eauthor
_959270
245 0 0 _aالتسويق الاجتماعي: مدخل معاصر=Social Marketing
250 _aط1
264 3 1 _aالامارات: دار الكتاب الجامعي،2016
300 _a494ص
_bيحتوي على ملاحق من ص 489- 494
336 _atext
_btxt
_2rdacontent
337 _aunmediated
_bn
_2rdamedia
338 _avolume
_bnc
_2rdacarrier
650 4 _aالتسويق الاجتماعي
_959271
999 _aA26663
_c30231
_d30231